000 00574nam a2200205 i 4500
001 78004
003 ES-MaACL
005 20230906173508.0
007 t|
008 041008s1958 sp ||||1| spa d
080 _a821.113.5-31"18"
100 1 _aHamsun, Knut.
_961705
245 1 0 _aBajo las estrellas de otoño /
_cpor Knut Hamsun ; [versión castellana de F.C.].
260 _aBarcelona :
_bG.P.,
_c1958 (
_fGuada)
300 _a125 p. ;
_c18 cm.
490 1 _aPlaza ;
_v123
830 1 _aPlaza ;
_v123
_9181244
852 4 _aES-MaACL
_jC-14789
999 _c78004
_d78004